000 00904cab a2200289 4500
001 ABS44396
008 090401t1991 xxu||||| |||| 00| 0 eng d
035 _a(Sirsi) u46887
041 _aeng
245 _aM11 corridor
260 _c1991
350 _a0
490 _aEstates Gazette
_v(9113) 6 April 1991, 113-149 (23)
520 _aThis Estates Gazette focus on the M11 corridor assesses the retail , office and industrial market in Cambridge and the impact of Stansted Airport on regional planning policy . Includes agents` viewpoint.
650 _aAIRPORTS
650 _aBARKING
650 _aEAST ANGLIA
650 _aEAST LONDON RIVER CROSSING
650 _aHARLOW
650 _aHIGH TECHNOLOGY
650 _aILFORD
650 _aROMFORD
650 _aSCIENCE PARKS
690 _aPROPERTY-COMMERCIAL PROPERTY-COMMERCIAL PROPERTY MARKET
942 _n0
948 _c04/03/1997
999 _c29592
_d29592